Papers /

Wedi'i Gadw mewn:
Manylion Llyfryddiaeth
Awdur Corfforaethol: University of Queensland. Faculty of Engineering
Fformat: Cylchgrawn
Iaith:English
Cyhoeddwyd: Brisbane : The University, 1939-
Pynciau:
LEADER 01103nas a2200289 a 4500
001 c000152711
003 CARM
005 20020205155242.0
008 901210c19399999qeauu p 0 a0eng d
019 1 |a 7652844  |z 46896652  |z 48727872  |z 49099997  |5 LACONCORD2021 
035 |a (OCoLC)29653085  |5 LACONCORD2021 
040 |a NUN  |b eng  |c NUN 
042 |a anuc 
043 |a u-at-qu 
082 0 4 |a 620  |2 19 
130 0 |a Papers (University of Queensland. Faculty of Engineering) 
245 1 0 |a Papers /  |c University of Queensland, Faculty of Engineering. 
260 |a Brisbane :  |b The University,  |c 1939- 
300 |a v. 
362 0 |a Vol. 1, no. 1 (1939)- 
650 0 |a Engineering  |x Research  |z Queensland  |x Periodicals. 
710 2 |a University of Queensland.  |b Faculty of Engineering. 
852 8 |b CARM  |h A2:AB27E3  |i D00741  |p 0045109  |f SE 
866 0 |a 1:1(1939)-1:9(1947) 
866 0 |a 1:1(1939)-1:9(1947) 
999 f f |i 4c9f540c-ac36-59f9-9d6f-880ba1711f0e  |s 389fff4a-5e91-54b2-b458-374f2a232b99 
952 f f |p Can circulate  |a CAVAL  |b CAVAL  |c CAVAL  |d CARM 1 Store  |e D00741  |f A2:AB27E3  |h Other scheme  |i book  |k  1:1(1939)-1:9(1947)  |m 0045109